<?xml version="1.0" encoding="UTF-8"?>
<record
    xmlns:xsi="http://www.w3.org/2001/XMLSchema-instance"
    xsi:schemaLocation="http://www.loc.gov/MARC21/slim http://www.loc.gov/standards/marcxml/schema/MARC21slim.xsd"
    xmlns="http://www.loc.gov/MARC21/slim">

  <leader>01737nas a2200277Ia 4500</leader>
  <controlfield tag="001">R240-R2754</controlfield>
  <controlfield tag="003">IT-CnALBA</controlfield>
  <controlfield tag="008">170116c99999999xx ||||||||||||   ||und||</controlfield>
  <datafield tag="040" ind1=" " ind2=" ">
    <subfield code="a">IT-CnALBA</subfield>
    <subfield code="c">IT-CnALBA</subfield>
  </datafield>
  <datafield tag="041" ind1=" " ind2=" ">
    <subfield code="a">POLIGLOTTA </subfield>
  </datafield>
  <datafield tag="100" ind1=" " ind2=" ">
    <subfield code="a">CAPRIOLI MARIO</subfield>
  </datafield>
  <datafield tag="210" ind1=" " ind2=" ">
    <subfield code="a">TERESIANUM</subfield>
  </datafield>
  <datafield tag="222" ind1=" " ind2=" ">
    <subfield code="a">TERESIANUM</subfield>
  </datafield>
  <datafield tag="245" ind1=" " ind2="0">
    <subfield code="a">TERESIANUM N. III ANNO XXXVI 1985 EPHEMERIDES CARMELITICAE. </subfield>
  </datafield>
  <datafield tag="250" ind1=" " ind2=" ">
    <subfield code="a">1a ed.</subfield>
  </datafield>
  <datafield tag="260" ind1=" " ind2=" ">
    <subfield code="a">ROMA</subfield>
    <subfield code="b">TERESIANUM EDIZIONI  PONT. UNIV. </subfield>
    <subfield code="c">1985</subfield>
  </datafield>
  <datafield tag="300" ind1=" " ind2=" ">
    <subfield code="a">308 p. </subfield>
  </datafield>
  <datafield tag="310" ind1=" " ind2=" ">
    <subfield code="a">SEMESTRALE</subfield>
  </datafield>
  <datafield tag="362" ind1=" " ind2=" ">
    <subfield code="a">Fascicolo: 2 / Anno: 36 (1985)</subfield>
  </datafield>
  <datafield tag="500" ind1=" " ind2=" ">
    <subfield code="a">L ANNIVERSARIO DELLA PONTIFICIA FACOLT&#xC0;. INDICE GENERALE ANNATA 1985. SOMMARIO LESSICO DELLA LIBERAZIONE NEL NUOVO TESTAMENTO. MACCISE C. TEOLOGIA DELLA LIBERAZIONE. RIPERCUSSIONI IN EUROPA. RICERCA DELLA SPIRITUALITA DELLA LIBERAZIONE. VIA INDU''. LIBERAZIONE DI S. GIOVANNI DELLA CROCE. TESI DI EDITH STEIN. GES&#xD9; E I GALILEI. CONSACRAZIONE AL CUORE DI MARIA. SEGRETARIATO PER I NON CREDENTI. MAIOLI G. CORREZIONI DEI PADRI. GUERRA A. ALVAREZ SUAREZ A. HUGHES J. </subfield>
  </datafield>
  <datafield tag="501" ind1=" " ind2=" ">
    <subfield code="a">Societ&#xE0; San Paolo EM - Piazza San Paolo, 14 - 12051 ALBA (CN)  (non commercial uses only) &#xAE; Copyright 2017</subfield>
  </datafield>
  <datafield tag="520" ind1=" " ind2=" ">
    <subfield code="a">L ANNIVERSARIO DELLA PONTIFICIA FACOLT&#xC0;. INDICE GENERALE ANNATA 1985. SOMMARIO LESSICO DELLA LIBERAZIONE NEL NUOVO TESTAMENTO. MACCISE C. TEOLOGIA DELLA LIBERAZIONE. RIPERCUSSIONI IN EUROPA. RICERCA DELLA SPIRITUALITA DELLA LIBERAZIONE. VIA INDU''. LIBERAZIONE DI S. GIOVANNI DELLA CROCE. TESI DI EDITH STEIN. GES&#xD9; E I GALILEI. CONSACRAZIONE AL CUORE DI MARIA. SEGRETARIATO PER I NON CREDENTI. MAIOLI G. CORREZIONI DEI PADRI. GUERRA A. ALVAREZ SUAREZ A. HUGHES J. </subfield>
  </datafield>
  <datafield tag="650" ind1=" " ind2=" ">
    <subfield code="a">TEOLOGIA SPIRITUALE CRISTIANA</subfield>
  </datafield>
  <datafield tag="942" ind1=" " ind2=" ">
    <subfield code="c">CR</subfield>
  </datafield>
  <datafield tag="957" ind1=" " ind2=" ">
    <subfield code="7">1</subfield>
  </datafield>
  <datafield tag="999" ind1=" " ind2=" ">
    <subfield code="a">12798</subfield>
    <subfield code="b">NO</subfield>
    <subfield code="g">1</subfield>
    <subfield code="c">320853</subfield>
    <subfield code="d">320853</subfield>
  </datafield>
  <datafield tag="952" ind1=" " ind2=" ">
    <subfield code="0">0</subfield>
    <subfield code="1">0</subfield>
    <subfield code="4">0</subfield>
    <subfield code="6">R_240R2754</subfield>
    <subfield code="7">1</subfield>
    <subfield code="a">ALBA</subfield>
    <subfield code="b">ALBA</subfield>
    <subfield code="d">2017-01-16</subfield>
    <subfield code="l">0</subfield>
    <subfield code="o">R240-R2754</subfield>
    <subfield code="r">2017-01-16 00:00:00</subfield>
    <subfield code="w">2017-01-16</subfield>
    <subfield code="y">CR</subfield>
    <subfield code="z">(data import: 16 gennaio 2017) - By Epidotti, Vaglietti. </subfield>
  </datafield>
</record>
